书目信息 |
| 题名: |
金融界人士六西格玛必读
|
|
| 作者: | 斯塔玛蒂斯 著 ;杨振华 译 | |
| 分册: | ||
| 出版信息: | 北京 人民邮电出版社 2007 |
|
| 页数: | 246页 | |
| 开本: | 24cm | |
| 丛书名: | ||
| 单 册: | ||
| 中图分类: | F830.2 | |
| 科图分类: | ||
| 主题词: | 金融机构--质量管理 , 金融机构 , 质量管理 | |
| 电子资源: | ||
| ISBN: | 978-7-115-16013-3 | |
| 000 | 01186nam0 2200289 45 | |
| 001 | 1034531339 | |
| 005 | 20100319083339.18 | |
| 010 | @a978-7-115-16013-3@dCNY34.00 | |
| 100 | @a20100312d2007 em y0chiy0110 ea | |
| 101 | 1 | @achi@ceng |
| 102 | @aCN@b110000 | |
| 105 | @ay z 000yy | |
| 106 | @ar | |
| 200 | 1 | @a金融界人士六西格玛必读@AJin Rong Jie Ren Shi Liu Xi Ge Ma Bi Dou@dSIX SIGMA for financial professionals@f(美)迪奥米蒂·斯坦马蒂斯(Diomidis H. Stamatis)著@F( Mei ) Di Ao Mi Di· Si Tan Ma Di Si (Diomidis H. Stamatis) Zhu@g杨振华译@zeng |
| 210 | @a北京@c人民邮电出版社@d2007 | |
| 215 | @a246页@d24cm | |
| 305 | @a由John Wiley & Sons,Inc授权出版 | |
| 330 | @a本书抓住六西格玛管理方法的本质,将其应用于金融领域。书中讲解了有关原则和公式,给出了成功项目的综合模型。内容包括:客户服务满意度、六西格玛概述、DMAIC模型等。 | |
| 510 | 0 | @aSIX SIGMA for financial professionals@zeng |
| 606 | 0 | @a金融机构@x质量管理 |
| 606 | 0 | @a金融机构 |
| 606 | 0 | @a质量管理 |
| 690 | @aF830.2@v4 | |
| 701 | 1 | @a斯塔玛蒂斯@ASi Ta Ma Di Si@g(Stamatis, Diomidis H.)@4著 |
| 702 | 0 | @a杨振华@AYang Zhen Hua@4译 |
| 801 | 0 | @aCN@bTANGWEI@c20100319 |
| 905 | @b0586016-18@dF830.2@e151@f3 | |
| 金融界人士六西格玛必读=SIX SIGMA for financial professionals/(美)迪奥米蒂·斯坦马蒂斯(Diomidis H. Stamatis)著/杨振华译.-北京:人民邮电出版社,2007 |
| 246页;24cm |
| ←并列题名:SIX SIGMA for financial professionals |
| ISBN 978-7-115-16013-3:CNY34.00 |
| 本书抓住六西格玛管理方法的本质,将其应用于金融领域。书中讲解了有关原则和公式,给出了成功项目的综合模型。内容包括:客户服务满意度、六西格玛概述、DMAIC模型等。 |
| ● |
| 相关链接 |
|
|
|
|
正题名:金融界人士六西格玛必读
索取号:F830.2/151
 
预约/预借
| 序号 | 登录号 | 条形码 | 馆藏地/架位号 | 状态 | 备注 |
| 1 | 0586016 | 205860166 | 第一样本阅览室/ [索取号:F830.2/151] | 在馆 | |
| 2 | 0586017 | 205860175 | 密集书库-海洋学院/ [索取号:F830.2/151] | 在馆 | |
| 3 | 0586018 | 205860184 | 第一借阅区/ [索取号:F830.2/151] | 在馆 |